BUSINESS STATISTICS (Record no. 26566)

000 -LEADER
fixed length control field 00349nam a2200145Ia 4500
008 - FIXED-LENGTH DATA ELEMENTS--GENERAL INFORMATION
fixed length control field 200615s9999||||xx |||||||||||||| ||und||
020 ## - INTERNATIONAL STANDARD BOOK NUMBER
International Standard Book Number 9788180543272
082 ## - DEWEY DECIMAL CLASSIFICATION NUMBER
Classification number 650
Item number BUS-G
100 ## - MAIN ENTRY--PERSONAL NAME
Personal name GUPTA,S.P
245 #0 - TITLE STATEMENT
Title BUSINESS STATISTICS
250 ## - EDITION STATEMENT
Edition statement 14TH
260 ## - PUBLICATION, DISTRIBUTION, ETC.
Place of publication, distribution, etc. Sultan Chand &sons
Name of publisher, distributor, etc. SULTAN CHAND & SONS
Date of publication, distribution, etc. 2006
300 ## - PHYSICAL DESCRIPTION
Extent 240
942 ## - ADDED ENTRY ELEMENTS (KOHA)
Koha item type Book
Holdings
Withdrawn status Lost status Damaged status Not for loan Collection code Permanent Location Current Location Shelving location Date acquired Total Checkouts Full call number Barcode Date last seen Date last checked out Price effective from Koha item type
        School of Management Maharishi School of Business & Management (Lucknow) Maharishi School of Business & Management (Lucknow) R18S3 2020-06-15 3 519 SOM0680 2024-10-08 2024-09-21 2020-06-15 Book

All Rights Reserved@MUIT

Powered by Koha